000 00365cam a22001217a 4500
008 180718b1957 xxu||||| |||| 00| 0 eng d
082 _aR8 J421
100 _aJenks, C. Wilfed
245 _aInternational protection of trade union freedom
_cby C. Wilfred Jenks
260 _aLondon
_bStevens
_c1957
300 _a592p.
650 _aLabour unions - International aspects
999 _c371228
_d371228